000
00376nam a22001577a 4500
003
MPLRDC
005
20220104125733.0
008
210129b ||||| |||| 00| 0 eng d
082
_a
848.1 LX-41
100
_a
鲁迅著
245
_a
鲁迅三十年集补遗
_c
260
_a
_b
新艺出版社
_c
1970
300
_b
平
650
_a
现代别集
942
_c
BK
_o
848.1 LX-41
999
_c
29743
_d
29733